MARC
|
|
|
|
| LEADER |
00000nam0a2200000 4500 |
| 001 |
238793 |
| 005 |
20231031205233.0 |
| 035 |
|
|
|a (RuTPU)RU\TPU\book\260001
|
| 090 |
|
|
|a 238793
|
| 100 |
|
|
|a 20130531d1974 k y0rusy50 ca
|
| 101 |
0 |
|
|a rus
|
| 102 |
|
|
|a RU
|
| 105 |
|
|
|a a z 001zy
|
| 200 |
1 |
|
|a Статические преобразователи частоты для индукционного нагрева
|f А. С. Васильев
|
| 210 |
|
|
|a Москва
|c Энергия
|d 1974
|
| 215 |
|
|
|a 176 с.
|c ил.
|
| 320 |
|
|
|a Библиогр.: с. 174-176.
|
| 606 |
1 |
|
|a Статистически преобразователи часчтоты для индукционного нагрева
|2 stltpush
|3 (RuTPU)RU\TPU\subj\56864
|
| 610 |
1 |
|
|a питание
|
| 610 |
1 |
|
|a ламповые генераторы
|
| 610 |
1 |
|
|a индукционный нагрев
|
| 610 |
1 |
|
|a вентили
|
| 610 |
1 |
|
|a источники
|
| 675 |
|
|
|a 621.365.5
|v 3
|
| 700 |
|
1 |
|a Васильев
|b А. С.
|g Александр Сергеевич
|
| 801 |
|
1 |
|a RU
|b 63413507
|c 20130531
|
| 801 |
|
2 |
|a RU
|b 63413507
|c 20160914
|g RCR
|
| 942 |
|
|
|c BK
|